Database management systems with ORACLE 9i and VB 6.0 (Record no. 179263)

MARC details
000 -LEADER
fixed length control field 00472nam a2200169Ia 4500
008 - FIXED-LENGTH DATA ELEMENTS--GENERAL INFORMATION
fixed length control field 231217s9999 xx 000 0 und d
020 ## - INTERNATIONAL STANDARD BOOK NUMBER
International Standard Book Number 8128000756
041 ## - LANGUAGE CODE
Language code of text/sound track or separate title English
082 ## - DEWEY DECIMAL CLASSIFICATION NUMBER
Classification number 001.644 NAN;8
100 ## - MAIN ENTRY--PERSONAL NAME
Personal name Nandagopalan, S.
245 #0 - TITLE STATEMENT
Title Database management systems with ORACLE 9i and VB 6.0
250 ## - EDITION STATEMENT
Edition statement 2nd ed.
260 ## - PUBLICATION, DISTRIBUTION, ETC.
Date of publication, distribution, etc. 2006
Name of publisher, distributor, etc. Sapna Book House
Place of publication, distribution, etc. Bangalore
300 ## - PHYSICAL DESCRIPTION
Extent vi+512
650 ## - SUBJECT ADDED ENTRY--TOPICAL TERM
Topical term or geographic name entry element Database,management,systems,ORACLE,9i,VB,6.0
942 ## - ADDED ENTRY ELEMENTS (KOHA)
Koha item type Books
Holdings
Date last seen Total checkouts Full call number Accession number Uniform resource identifier Price effective from Category Lost status Damaged status Department Withdrawn status Home library Current library Shelving location Entry date Vendor Grants Billdate Currency symbol Conversion rate Discount Old discount
26/01/2024   001.644 NAN;8 45497 digital/contents/57241.pdf 26/01/2024 Books     Information Science   Central Library Central Library Information Science 22/08/2007 Publisher IS 29/08/2008 RS 1    
26/01/2024   001.644 NAN;9 78765 digital/contents/57241.pdf 26/01/2024 Books     Central Library   Central Library Central Library Central Library 29/06/2011 Publisher DONATED 28/06/2016 RS 1    
26/01/2024   001.644 NAN;10 88680   26/01/2024 Books     Central Library   Central Library Central Library Central Library 19/05/2014   DONATED   RS 1    

© For any Suggestions or Query, please contact the library staff @ librarian@pes.edu or Phone: +9180 2672 1983/ 2108.